Click the 20 Populate Country - Whammies - Statistics

General Stats
  • This quiz has been taken 23 times
    17 since last reset
  • The average score is 15 of 20
Answers on the Map
Answers color-coded by a green-red scale on the quiz's map according to % correct below.
 
Answer Stats
Answer % Correct
China
92%
Egypt
83%
Iran
83%
Pakistan
83%
Brazil
75%
Ethiopia
75%
Germany
75%
India
75%
Indonesia
75%
Japan
75%
Nigeria
75%
Russia
75%
Thailand
75%
Turkey
75%
United Kingdom
75%
United States
75%
Bangladesh
67%
D.R. Congo
67%
Vietnam
67%
Tanzania
58%
No matching quizzes found
Score Distribution
Percent of People with Each Score
Percentile by Number Answered
Your Score History
You have not taken this quiz since the last reset